000 00674nam a2200193Ii 4500
003 JO-AjNU
008 230605s9999||||xx |||||||||||||| ||und||
040 _aJO-AjNU
_bara
_erda
_cJO-AjNU
041 _aara
050 1 4 _aBP173.3.A9245
100 3 _aمحمد، عواطف ابراهيم ؛ تقديم السيد سابق,
_eauthor
_938112
245 0 0 _aالإحساس الديني عند الأطفال
264 3 1 _aد.م: دار المطبوعات الجديدة، د.ت
300 _a168ص
336 _atext
_btxt
_2rdacontent
337 _aunmediated
_bn
_2rdamedia
338 _avolume
_bnc
_2rdacarrier
650 4 _aالاطفال- تربية اسلامية
_938113
999 _aA15985
_c19553
_d19553